[Event "Unterfranken-ch HA 51th"]
[Site "Sailauf"]
[Date "2000.04.26"]
[Round "4"]
[White "Pflug, Artur"]
[Black "Simon, Gerold"]
[Result "0-1"]
[WhiteElo "1826"]
[BlackElo "1763"]
[PlyCount "130"]
[EventDate "2000.04.24"]
[EventType "swiss"]
[EventRounds "9"]
[EventCountry "GER"]
[SourceTitle "EXT 2015"]
[Source "ChessBase"]
[SourceDate "2014.11.20"]
[SourceVersion "1"]
[SourceVersionDate "2014.11.20"]
[SourceQuality "1"]

1. c4 g6 2. e4 Bg7 3. f4 c5 4. Nf3 d6 5. Be2 Nc6 6. 0-0 e5 7. fxe5 dxe5 8. Nc3 Nge7 9. d3 0-0 10. Be3 Nd4 11. Qd2 f5 12. Bg5 Nxe2+ 13. Qxe2 h6 14. Bxe7 Qxe7 15. Nd5 Qd6 16. Nh4 Kh7 17. exf5 Bxf5 18. Nxf5 Rxf5 19. g4 Rxf1+ 20. Rxf1 Rf8 21. Rxf8 Bxf8 22. Qf3 Kg7 23. Kf2 Be7 24. Ne3 e4 25. Qxe4 Qxh2+ 26. Ng2 Qc7 27. Nf4 Bh4+ 28. Kf3 Qf7 29. Qe6 Be7 30. Qxf7+ Kxf7 31. Ke4 Bf6 32. b3 Bd4 33. b4 b6 34. bxc5 bxc5 35. Ne2 Bb2 36. d4 Bxd4 37. Nxd4 cxd4 38. Kxd4 h5 39. g5 Ke6 40. c5 h4 41. Ke4 a5 42. Kf4 Kd5 43. Kg4 Kxc5 44. Kxh4 a4 45. Kg4 a3 46. Kf3 Kd5 47. Ke3 Ke5 48. Kd3 Kf5 49. Kc3 Kxg5 50. Kb3 Kf4 51. Kxa3 g5 52. Kb4 g4 53. a4 g3 54. Kb5 g2 55. Ka6 g1Q 56. a5 Qg8 57. Kb7 Qf7+ 58. Kb6 Qe6+ 59. Ka7 Qc6 60. Kb8 Qa6 61. Kc7 Qxa5+ 62. Kc6 Ke5 63. Kd7 Qb6 64. Ke7 Qc7+ 65. Kf8 Kf6 0-1

[Event "Unterfranken-ch HA 51th"]
[Site "Sailauf"]
[Date "2000.04.25"]
[Round "2"]
[White "Pflug, Artur"]
[Black "Horscht, Manfred"]
[Result "1-0"]
[WhiteElo "1826"]
[BlackElo "1673"]
[PlyCount "120"]
[EventDate "2000.04.24"]
[EventType "swiss"]
[EventRounds "9"]
[EventCountry "GER"]
[SourceTitle "EXT 2015"]
[Source "ChessBase"]
[SourceDate "2014.11.20"]
[SourceVersion "1"]
[SourceVersionDate "2014.11.20"]
[SourceQuality "1"]

1. d4 d5 2. Nf3 c6 3. Bf4 Nf6 4. Nbd2 e6 5. e3 a6 6. Bd3 Nbd7 7. c4 dxc4 8. Nxc4 Bb4+ 9. Nfd2 0-0 10. 0-0 Nb6 11. Nxb6 Qxb6 12. Nc4 Qd8 13. Qb3 Nd5 14. Bg3 b5 15. Ne5 c5 16. dxc5 Bxc5 17. Bxh7+ Kxh7 18. Qc2+ Kg8 19. Qxc5 Bb7 20. Nc6 Qb6 21. Qxb6 Nxb6 22. Ne7+ Kh7 23. Rfc1 Nd5 24. Nc6 Rfc8 25. Na5 Rxc1+ 26. Rxc1 Rc8 27. Rxc8 Bxc8 28. Bd6 Kg6 29. e4 Nb6 30. b3 Nd7 31. g4 Kg5 32. h3 e5 33. f3 f6 34. Kg2 Kh6 35. h4 Kg6 36. Nc6 Bb7 37. h5+ Kh7 38. Nd8 Bc8 39. Kf2 g6 40. hxg6+ Kxg6 41. Ke3 Kg7 42. Kd3 a5 43. Ne6+ Kf7 44. Nc7 b4 45. Kc4 a4 46. bxa4 Nb8 47. Kc5 Na6+ 48. Nxa6 Bxa6 49. f4 exf4 50. Bxf4 Be2 51. a5 Ke6 52. Kb6 Bf3 53. a6 Bxe4 54. Kc7 Bd5 55. a7 Ba8 56. Kb8 Bd5 57. Bd2 Ke5 58. Bxb4 Kf4 59. Be7 Kxg4 60. a8Q Bxa8 1-0

[Event "Unterfranken-ch HA 48th"]
[Site "Bergrheinfeld"]
[Date "1997.??.??"]
[Round "4"]
[White "Engelbrecht, Arno"]
[Black "Pflug, Artur"]
[Result "0-1"]
[WhiteElo "1518"]
[BlackElo "1797"]
[PlyCount "86"]
[EventDate "1997.03.31"]
[EventType "swiss"]
[EventRounds "9"]
[EventCountry "GER"]
[SourceTitle "EXT 2015"]
[Source "ChessBase"]
[SourceDate "2014.11.20"]
[SourceVersion "1"]
[SourceVersionDate "2014.11.20"]
[SourceQuality "1"]

1. Nf3 d5 2. d4 Nf6 3. e3 g6 4. Nbd2 Bg7 5. c4 0-0 6. cxd5 Nxd5 7. Bc4 Nb6 8. 0-0 Nxc4 9. Nxc4 Qd5 10. b3 c5 11. Bb2 Bg4 12. dxc5 Bxf3 13. Qxf3 Qxf3 14. gxf3 Bxb2 15. Nxb2 Rd8 16. Rfd1 Na6 17. Rac1 Rxd1+ 18. Nxd1 Rd8 19. Nb2 Rd2 20. c6 bxc6 21. Rxc6 Nb4 22. Rc8+ Kg7 23. Na4 Nd3 24. Rc7 Nxf2 25. Rxe7 Nh3+ 26. Kf1 Rxa2 27. Rxa7 Rxh2 28. b4 Rf2+ 29. Ke1 Rxf3 30. Ke2 Ng1+ 31. Kd3 Rf1 32. b5 Rb1 33. b6 h5 34. b7 h4 35. Nc5 h3 36. Ra8 Rxb7 37. Ne4 Rb3+ 38. Kd2 Rb2+ 39. Ke1 Ne2 40. Ra1 Nc3 41. Nf2 h2 42. Rc1 Ne4 43. Nh1 Rg2 0-1

[Event "Unterfranken-ch HA 48th"]
[Site "Bergrheinfeld"]
[Date "1997.??.??"]
[Round "6"]
[White "Market, Heinrich"]
[Black "Pflug, Artur"]
[Result "1/2-1/2"]
[WhiteElo "1700"]
[BlackElo "1797"]
[PlyCount "120"]
[EventDate "1997.03.31"]
[EventType "swiss"]
[EventRounds "9"]
[EventCountry "GER"]
[SourceTitle "EXT 2015"]
[Source "ChessBase"]
[SourceDate "2014.11.20"]
[SourceVersion "1"]
[SourceVersionDate "2014.11.20"]
[SourceQuality "1"]

1. d4 c5 2. d5 d6 3. c4 b5 4. cxb5 Nf6 5. Nc3 g6 6. e4 Bg7 7. Be2 a6 8. h3 Nbd7 9. Be3 Qa5 10. Qd2 0-0 11. f4 axb5 12. Bxb5 Nxe4 13. Nxe4 Qxb5 14. Nc3 Qb4 15. Nge2 Nb6 16. a3 Nc4 17. axb4 Rxa1+ 18. Qc1 Nxe3 19. Qxa1 Nc2+ 20. Kf2 Nxa1 21. Rxa1 cxb4 22. Nd1 Bf5 23. Ra7 e5 24. Rb7 b3 25. Ne3 Bc2 26. Nxc2 bxc2 27. Rc7 c1Q 28. Nxc1 e4 29. b4 Rb8 30. Rc4 f5 31. Nb3 Rb5 32. Ke3 h6 33. Nd4 Rxd5 34. Ne6 Rd3+ 35. Ke2 Rc3 36. Rxc3 Bxc3 37. b5 Ba5 38. Nd4 Bb6 39. Nc6 Kf7 40. g4 Ke6 41. gxf5+ gxf5 42. Nb4 Bc5 43. Na6 Kd5 44. Nc7+ Kc4 45. Ne6 d5 46. Ng7 d4 47. Nxf5 d3+ 48. Kd2 Kxb5 49. Nxh6 Bb4+ 50. Ke3 d2 51. Ke2 Bd6 52. f5 Kc4 53. Ng4 Kc3 54. Ne3 Bf4 55. Nd1+ Kd4 56. f6 e3 57. f7 Bh6 58. Nxe3 d1Q+ 59. Nxd1 Ke5 60. Ne3 Ke6 1/2-1/2

[Event "Unterfranken-ch HA 48th"]
[Site "Bergrheinfeld"]
[Date "1997.??.??"]
[Round "1"]
[White "Pflug, Artur"]
[Black "Simon, Gerold"]
[Result "1-0"]
[WhiteElo "1797"]
[BlackElo "1623"]
[PlyCount "94"]
[EventDate "1997.03.31"]
[EventType "swiss"]
[EventRounds "9"]
[EventCountry "GER"]
[SourceTitle "EXT 2015"]
[Source "ChessBase"]
[SourceDate "2014.11.20"]
[SourceVersion "1"]
[SourceVersionDate "2014.11.20"]
[SourceQuality "1"]

1. d4 Nf6 2. c4 g6 3. Nc3 Bg7 4. e4 d6 5. f4 0-0 6. Nf3 Nbd7 7. Be2 c5 8. d5 a6 9. 0-0 h6 10. Kh1 Qc7 11. Nh4 Re8 12. g4 Nh7 13. g5 hxg5 14. fxg5 Ne5 15. Bf4 Nf8 16. Bxe5 Bxe5 17. Qd3 Nd7 18. Rxf7 Kxf7 19. Bh5 Nf8 20. Rf1+ Kg7 21. Nf5+ Bxf5 22. exf5 Bxc3 23. Qxc3+ e5 24. fxe6+ Kg8 25. Rf7 Qxf7 26. exf7+ Kxf7 27. Qf6+ Kg8 28. Bxg6 Nxg6 29. Qxg6+ Kf8 30. Qxd6+ Kg8 31. Qg6+ Kf8 32. Qf6+ Kg8 33. h4 Re1+ 34. Kg2 Rae8 35. g6 R1e2+ 36. Kg3 R2e3+ 37. Kg4 R3e4+ 38. Kg5 R8e5+ 39. Qxe5 Rxe5+ 40. Kf6 Rh5 41. d6 Rxh4 42. d7 Rd4 43. Ke7 Re4+ 44. Kd6 Kg7 45. a4 Kxg6 46. Kxc5 Re5+ 47. Kb6 Re7 1-0